[Event "Bucharest TIT-2 (Women)"]
[Site "Bucharest"]
[Date "1993.??.??"]
[Round "3"]
[White "Petrenko, Svetlana"]
[Black "Lupu, Smaranda  B"]
[Result "0-1"]
[WhiteElo "2080"]
[BlackElo "2145"]

1.e4 c5 2.Nf3 Nc6 3.d4 cxd4 4.Nxd4 Qc7 5.Nc3 e6 6.a3 a6 7.Be3 Nf6 8.Be2 b5
9.O-O Bb7 10.Nb3 Ne5 11.Nd2 h5 12.f3 Bc5 13.Bf2 Rc8 14.Nb3 Bxf2+ 15.Rxf2 O-O
16.Qd2 d5 17.exd5 Nxd5 18.Nxd5 Bxd5 19.Nd4 Ng6 20.c3 Nf4 21.Bf1 e5 22.g3 exd4
23.Qxd4 Rfd8 24.Qxf4 Qxf4 25.gxf4 Bb3 26.Re1 Rd6 27.Re5 f6 28.Re7 Rcd8 29.Kg2 Kf8
30.Re1 Kf7 31.Kg3 Rd2 32.Rxd2 Rxd2 33.Re2 Rd1 34.Bh3 Bc4 35.Rf2 g6 36.Bc8 a5
37.f5 g5 38.Bb7 a4 39.f4 h4+ 40.Kf3 Bd3 41.Bc6 Bc4 42.Be4 Ke7 43.fxg5 fxg5
44.Bc2 Bd5+ 45.Ke3 Rh1 46.f6+ Kf7 47.Kd4 Bc4 48.Bxa4 g4 49.Bc2 g3 50.hxg3 hxg3
51.Rg2 Rh2 52.Be4 Bb3 53.Kc5 Bc2 54.Bd5+ Kxf6 55.Rxg3 Rh5 56.Kc6 Ke5 57.Re3+ Kf4
58.Rf3+ Ke5 59.Kc5 Bb3 60.Rd3 Kf4 61.Kc6 Bc2 62.Rd4+ Ke3 63.Kxb5 Bb3 64.Kc6 Ba4+
65.Rxa4  0-1

[Event "Budapest"]
[Site "Budapest"]
[Date "1993.??.??"]
[Round "?"]
[White "Szalanczy, Emil"]
[Black "Payen, Arnaud"]
[Result "1-0"]
[WhiteElo "2365"]
[BlackElo "2340"]

1.e4 c5 2.Nf3 Nc6 3.d4 cxd4 4.Nxd4 Qb6 5.Nb3 Nf6 6.Nc3 e6 7.Bd3 Be7 8.Qe2 d6
9.g4 a6 10.g5 Nd7 11.f4 Qc7 12.Be3 b5 13.O-O-O Bb7 14.Rhe1 Nb4 15.Kb1 Nxd3
16.Qxd3 b4 17.Ne2 e5 18.f5 a5 19.Ng3 a4 20.Nc1 g6 21.f6 Bf8 22.h4 Ba6 23.Qd2 Bc4
24.Nd3 b3 25.cxb3 axb3 26.a3 d5 27.Nb4 d4 28.Rc1 Ra4 29.Rxc4 Qxc4 30.Rc1 Rxb4
31.Rxc4 Rxc4 32.Qa5 Rc8 33.Bd2 Rb8 34.Qc7 Bc5 35.Ne2 Bb6 36.Qc6 Bd8 37.Nc1 Rb6
38.Qd5 Re6 39.Bb4 h6 40.Nxb3 hxg5 41.hxg5 d3 42.Qxd3 Rc6 43.Ka2 Rh2 44.Nd2 Bb6
45.Qd5 Rc2 46.Nc4 Rcf2  1-0

[Event "Buenos Aires Najdorf op"]
[Site "Buenos Aires"]
[Date "1993.??.??"]
[Round "8"]
[White "Farah, Rodolfo"]
[Black "Fuentes, Alberto"]
[Result "1-0"]
[WhiteElo "2260"]
[BlackElo "2315"]

1.e4 c5 2.Nf3 Nc6 3.d4 cxd4 4.Nxd4 Qb6 5.Nb3 Nf6 6.Nc3 e6 7.Be3 Qc7 8.a3 a6
9.f4 d6 10.Be2 b5 11.Bf3 Bb7 12.Qe2 Be7 13.O-O b4 14.axb4 Nxb4 15.Na5 d5
16.Nxb7 Qxb7 17.exd5 Nbxd5 18.Nxd5 exd5 19.c4 O-O 20.cxd5 Bd6 21.Bd4 Rfe8
22.Qd3 Nd7 23.Be4 h6 24.Rac1 Qb4 25.Rc4 Qb5 26.Rc6 Qb4 27.Bh7+ Kh8 28.Bc3 Qb8
29.Qg3 f6 30.Bd3 Nc5 31.Bf5 Nd7 32.Qh3 Nf8 33.Qh4 Qd8 34.Rf3 Qe7 35.h3 a5
36.Kh2 Nh7 37.Bd4 a4 38.Bg6 Rec8 39.Re3 Qf8 40.Qg4 Rd8 41.h4 a3 42.bxa3 Rxa3
43.Re6 Bb4 44.Bxh7 Kxh7 45.Qf5+ Kg8 46.Rxf6 Qe7 47.Rxh6  1-0

[Event "Calcutta op"]
[Site "Calcutta"]
[Date "1993.??.??"]
[Round "9"]
[White "Shetty, Rahul"]
[Black "Salov, Sergei"]
[Result "1-0"]
[WhiteElo "2390"]
[BlackElo "2235"]

1.e4 c5 2.Nf3 Nc6 3.d4 cxd4 4.Nxd4 Qc7 5.c4 Qe5 6.Nb5 Qxe4+ 7.Be2 Qe5 8.g3 Qb8
9.Bf4 e5 10.Be3 d6 11.O-O Nf6 12.N1c3 a6 13.Na3 Bh3 14.Re1 Be7 15.Nd5 Nxd5
16.cxd5 Na7 17.Nc4 Nc8 18.Bg4 Bxg4 19.Qxg4 O-O 20.Bh6 Bf6 21.Nd2 Nb6 22.Ne4 Qd8
23.Re3 Kh8 24.Rf3 Rg8 25.Bg5 h6 26.Nxf6 gxf6 27.Bxf6+ Qxf6 28.Qxg8+ Kxg8
29.Rxf6 Rd8 30.Rd1 Kg7 31.Rf3 Na4 32.Rc1 Rd7 33.b3 Nc5 34.Rfc3 a5 35.a3 f5
36.b4 axb4 37.axb4 Na6 38.Rb3 Kf6 39.f3 Nc7 40.Rd3 Na6 41.Rc4 b5 42.Rh4 Kg6
43.Ra3 Nc7 44.Ra7 Re7 45.Rb7 Nxd5 46.Rxb5 Nf6 47.Rc4 Kf7 48.Rb6 Ke6 49.Rcc6 Rd7
50.b5 e4 51.fxe4 fxe4 52.Kf1 Nd5 53.Rb8 Rf7+ 54.Ke2 e3 55.Rd8 Ke5 56.Re8+ Kd4
57.Rxd6 Rb7 58.Red8 Rxb5 59.Ke1 Rb1+ 60.Ke2 Rb2+ 61.Kf3 Rb5 62.Rxh6 Rb7 63.Rh5 Rf7+
64.Ke2 Rf2+ 65.Ke1 Ra2  1-0

[Event "Capablanca mem-D"]
[Site "?"]
[Date "1993.??.??"]
[Round "9"]
[White "Garmendez, Florentino"]
[Black "Otero, Evelio"]
[Result "1-0"]
[WhiteElo "2310"]
[BlackElo "2365"]

1.e4 c5 2.Nf3 Nc6 3.d4 cxd4 4.Nxd4 Qb6 5.Nb3 Nf6 6.Nc3 e6 7.a3 Qc7 8.f4 d6
9.Bd3 Be7 10.O-O a6 11.Qf3 O-O 12.g4 b5 13.g5 Nd7 14.Qh5 g6 15.Qh6 f6 16.Be3 Rf7
17.Rae1 fxg5 18.f5 Nde5 19.Bxg5 Bxg5 20.Qxg5 Qe7 21.Qg3 Bd7 22.fxg6 Rg7 23.Kh1 Rxg6
24.Qf4 Kh8 25.Be2 Rag8 26.Rg1 Rf8 27.Qe3 Qh4 28.Ref1 Rxf1 29.Rxf1 Kg7 30.Nd2 Be8
31.Qf2 Qxf2 32.Rxf2 Nd4 33.Bh5 Ng4 34.Rg2 Ne3 35.Bxg6 Bxg6 36.Rf2 Nexc2 37.Nf3 Nxf3
38.Rxf3 Nd4 39.Rd3 e5 40.Kg2 Kf6 41.Rd2 Ke6 42.Kf2 Kd7 43.Ke3 a5 44.Nd5 Nb3
45.Rf2 Nc5 46.Nf6+ Kc6 47.b4 axb4 48.axb4 Ne6 49.Rc2+ Kb7 50.h4 Nf4 51.Rh2 h6
52.Nd5 Nxd5+ 53.exd5 Bf7 54.Rf2 Bxd5 55.Rf6 Kc6 56.Rxh6 Bb3 57.Rg6 Bc2 58.h5 Bf5
59.Rf6 Bb1 60.Rf1 Bh7 61.Rf7 Bb1 62.h6 Kd5 63.h7 Bxh7 64.Rxh7 Kc4 65.Rd7 d5
66.Rd8 d4+ 67.Ke4 Kxb4 68.Rc8 Kb3 69.Kd3 Ka3 70.Rc5 b4 71.Ra5+ Kb2 72.Rxe5 b3
73.Kxd4 Ka2 74.Kc3 b2 75.Ra5+ Kb1 76.Rb5 Ka1 77.Kc2  1-0

[Event "Cappelle op"]
[Site "Cappelle la Grande"]
[Date "1993.??.??"]
[Round "3"]
[White "Schlosser, Michael"]
[Black "Lupu, Smaranda  B"]
[Result "1-0"]
[WhiteElo "2390"]
[BlackElo "2175"]

1.e4 c5 2.Nf3 Nc6 3.d4 cxd4 4.Nxd4 Qc7 5.Be3 e6 6.Nc3 a6 7.f4 b5 8.e5 Bb7
9.Bd3 Nxd4 10.Bxd4 Nh6 11.Qe2 g6 12.Ne4 Bxe4 13.Bxe4 Rc8 14.O-O-O Nf5 15.Bxf5 gxf5
16.Rd3 Rg8 17.Rhd1 Qb7 18.g3 Rc4 19.Kb1 Rg6 20.Bc3 d5 21.exd6 Kd7 22.b3 Re4
23.Qh5 h6 24.a3 Qb6 25.Be5 Rc4 26.g4  1-0

[Event "Cappelle op"]
[Site "Cappelle la Grande"]
[Date "1993.??.??"]
[Round "4"]
[White "Hansen, Mads Smith"]
[Black "Carlier, Bruno"]
[Result "1/2-1/2"]
[WhiteElo "2305"]
[BlackElo "2355"]

1.e4 c5 2.Nf3 Nc6 3.d4 cxd4 4.Nxd4 Qb6 5.Nb3 Nf6 6.Nc3 e6 7.Bd3 d6 8.O-O a6
9.Kh1 Be7 10.f4 Qc7 11.Qf3 Rb8 12.a4 b6 13.Be3 Bb7 14.Qh3 Rd8 15.Rae1 O-O
16.f5 exf5 17.exf5 d5 18.Nd4 Rfe8 19.Nxc6 Qxc6 20.Bd4 Bc5 21.Qh4 Bxd4 22.Qxd4 Qc5
23.Ne2 Ne4 24.b4 Qc7 25.Ng1 Rd6 26.Nf3 Rh6 27.Kg1 Kf8 28.Re2 Rf6 29.Nd2 Nxd2
30.Rxd2 Qe5 31.Qxe5 Rxe5 32.Rfd1 Bc8 33.c4 dxc4 34.Bxc4 Rfxf5 35.Rd6 Rf6
36.a5 bxa5 37.bxa5 Rxd6 38.Rxd6 Ke7 39.Rc6 Bd7 40.Rxa6 Rc5 41.Be2 Rc2 42.Bf3 Ra2
43.Ra7 Kd6 44.h3 Be6 45.Ra8 g6 46.Kh2  1/2-1/2

[Event "JUG-chT"]
[Site "Cetinje"]
[Date "1993.??.??"]
[Round "?"]
[White "Tseshkovsky, Vitaly"]
[Black "Damljanovic, Branko"]
[Result "1/2-1/2"]
[WhiteElo "2495"]
[BlackElo "2570"]

1.e4 c5 2.Nf3 Nc6 3.d4 cxd4 4.Nxd4 Qc7 5.Nc3 e6 6.Be3 a6 7.Bd3 Nf6 8.O-O Ne5
9.h3 Bc5 10.f4 Ng6 11.Kh1 d6 12.Qd2 O-O 13.Nce2 e5 14.fxe5 dxe5 15.Nf5 Bxf5
16.Rxf5 Ne8 17.a4 Bxe3 18.Qxe3 Nd6 19.Rff1 Rae8 20.a5 Nc4 21.Bxc4 Qxc4 22.b3 Qc6
23.c4 Ne7 24.Nc3 f5 25.Qb6 f4 26.Nd5 Nxd5 27.cxd5 Qc2 28.d6 Qxe4 29.d7 Rd8
30.Qe6+ Rf7 31.Rac1 Qd3 32.Rfd1 Qe2 33.Re1 Qd2 34.Rcd1 Qc2 35.Rc1 Qd2 36.Red1 Qe2
37.Re1 Qd2 38.Rcd1 Qc2 39.Rc1 Qd2 40.Red1 Qe2  1/2-1/2

[Event "JUG-chT"]
[Site "Cetinje"]
[Date "1993.??.??"]
[Round "?"]
[White "Solak, Dragan"]
[Black "Knezevic, Bojan"]
[Result "0-1"]
[WhiteElo "2195"]
[BlackElo "2290"]

1.e4 c5 2.Nf3 Nc6 3.d4 cxd4 4.Nxd4 Qb6 5.Nb3 Nf6 6.Nc3 e6 7.Be3 Qc7 8.f4 Bb4
9.Bd3 d5 10.e5 Ne4 11.Bxe4 dxe4 12.O-O Bxc3 13.bxc3 b6 14.Nd2 Ne7 15.Nxe4 Nf5
16.Nd6+ Nxd6 17.exd6 Qc6 18.Rf3 O-O 19.Rg3 f6 20.Qd3 Bb7 21.Rd1 Rad8 22.Bc1 Rd7
23.Qd4 Qe4 24.Qxe4 Bxe4 25.Re1 Bf5 26.Ba3 Rc8 27.Rd1 Bxc2 28.Rd2 Bf5 29.Re3 Kf7
30.Kf2 h5 31.g3 Rdd8 32.Rb2 Ke8 33.Rb5 Kd7 34.Rb4 Rc6 35.Rb3 Rdc8 36.Bb4 Rc4
37.Ke2 R8c6 38.Kd2 a5 39.Ba3 Ra4 40.Kc1 Be4 41.Kb2 g6 42.Rb5 Bf5 43.Kb3 Re4
44.Bc1 Kxd6 45.Rxe4 Bxe4 46.Be3 Kc7 47.Kb2 Bd3 48.Rb3 Bc4 49.Ra3 e5 50.fxe5 fxe5
51.Kc2 Kb7 52.Bg5 Ka6 53.Bd8 e4 54.Ra4 Kb7  0-1

[Event "JUG-chT"]
[Site "Cetinje"]
[Date "1993.??.??"]
[Round "?"]
[White "Vukovic, Zdravko"]
[Black "Matulovic, Milan"]
[Result "1/2-1/2"]
[WhiteElo "2440"]
[BlackElo "2460"]

1.e4 c5 2.Nf3 Nc6 3.d4 cxd4 4.Nxd4 Qc7 5.Be2 Nf6 6.Nc3 e6 7.O-O a6 8.Kh1 Bb4
9.Nxc6 bxc6 10.Bg5 d5 11.Qd4 Be7 12.e5 c5 13.Qa4+ Bd7 14.Qf4 Ng8 15.Nxd5 exd5
16.e6 Qxf4 17.exd7+ Kxd7 18.Bxf4 Bd6 19.Bg3 Bxg3 20.fxg3 Nf6 21.Rad1  1/2-1/2

[Event "CUB-ch"]
[Site "?"]
[Date "1993.??.??"]
[Round "7"]
[White "Herrera, Irisberto"]
[Black "Alvarez, Jose"]
[Result "0-1"]
[WhiteElo "2365"]
[BlackElo "2240"]

1.e4 c5 2.Nf3 Nc6 3.d4 cxd4 4.Nxd4 Qb6 5.Nb3 Nf6 6.Nc3 e6 7.Be3 Qc7 8.a3 a6
9.Be2 Be7 10.O-O O-O 11.f4 d6 12.Qe1 b5 13.Qg3 Kh8 14.Kh1 b4 15.axb4 Nxb4
16.Nd4 e5 17.fxe5 dxe5 18.Rac1 Na2 19.Nxa2 Nxe4 20.Qe1 exd4 21.Bxd4 Bb7 22.Nc3 Bb4
23.Qh4 Nxc3 24.Bd3 Ne4 25.Bxe4 Bxe4 26.Qxe4 Bd6 27.Qh4 Be5 28.b3 f5 29.Bxe5 Qxe5
30.Qf4 Qc5 31.Rfd1 h6 32.h3 Rae8 33.c4 Re4 34.Rd5 Qxd5  0-1

[Event "CUB-ch"]
[Site "?"]
[Date "1993.??.??"]
[Round "9"]
[White "Rodriguez, Amador"]
[Black "Alvarez, Jose"]
[Result "0-1"]
[WhiteElo "2490"]
[BlackElo "2240"]

1.e4 c5 2.Nf3 Nc6 3.d4 cxd4 4.Nxd4 Qb6 5.Nb5 a6 6.Be3 Qd8 7.N5c3 e6 8.g3 Nf6
9.Bg2 Bb4 10.O-O O-O 11.f4 d6 12.Kh1 Re8 13.Bg1 d5 14.e5 Nd7 15.Ne2 Bc5 16.Bxc5 Nxc5
17.Nd2 Bd7 18.Nf3 Rc8 19.Nfd4 Ne7 20.Re1 Qb6 21.Rb1 Ne4 22.Rf1 Red8 23.c3 Bb5
24.a4 Bc4 25.Bf3 Nf5 26.Nxf5 exf5 27.Qe1 Bd3 28.Rd1 Bc2 29.Rd4 Qxb2 30.Rb4 Qa3
31.Qc1 Qxc1 32.Rxc1 Nf2+ 33.Kg2 Nd3 34.Rxc2 Nxb4 35.Rb2 Nd3 36.Rxb7 Ne1+
37.Kf2 Nxf3 38.Kxf3 Rc4 39.a5 Rc5 40.Ra7 Rxa5 41.Nd4 Rc5 42.Nxf5 Rxc3+ 43.Kg4 h5+
44.Kg5 d4 45.e6 fxe6 46.Nxg7 Rc6 47.f5 exf5 48.Nxf5 Rd5  0-1

[Event "CZE Tschechien-ch"]
[Site "?"]
[Date "1993.??.??"]
[Round "9"]
[White "Madera, S."]
[Black "Koukolik, Alexander"]
[Result "0-1"]
[WhiteElo "1900"]
[BlackElo "2010"]

1.e4 c5 2.Nf3 Nc6 3.d4 cxd4 4.Nxd4 Qb6 5.Nb3 Nf6 6.Be3 Qb4+ 7.N1d2 Nxe4 8.c3 Qa4
9.Bd3 Nf6 10.O-O d6 11.Qe2 Qg4 12.f3 Qd7 13.Rad1 g6 14.Rfe1 Bg7 15.Bb5 O-O
16.Nc4 Qc7 17.Bf2 Be6 18.Bxc6 bxc6 19.Nd4 Bd5 20.Ne3 e5 21.Nb3 Be6 22.Nc1 Rad8
23.Nc4 Rfe8 24.b3 e4 25.Bg3 Nd5 26.Qxe4 Nxc3 27.Qe3 Nxd1 28.Rxd1 Bxc4  0-1

[Event "CZE-ch"]
[Site "?"]
[Date "1993.??.??"]
[Round "5"]
[White "Divis, Josef"]
[Black "Haba, Petr"]
[Result "1/2-1/2"]
[WhiteElo "2265"]
[BlackElo "2485"]

1.e4 c5 2.Nf3 Nc6 3.d4 cxd4 4.Nxd4 Qc7 5.Nc3 e6 6.Be3 a6 7.Bd3 Nf6 8.O-O Ne5
9.h3 Bc5 10.Qe2 d6 11.f4 Ng6 12.Nb3 Bxe3+ 13.Qxe3 Bd7 14.Rae1 O-O 15.e5 dxe5
16.fxe5 Ne8 17.Kh1 Bc6 18.Nd4 Rd8 19.Nf3 Bxf3 20.Rxf3 Qa5 21.Bxg6 hxg6 22.Qg5 Rc8
23.a3 Qd8 24.Qg4 Rc5 25.b4 Rc6 26.Ne4 Qd5 27.Qh4 Rc4 28.Rf4 Rxc2 29.Rg4 f6
30.Rxg6 fxe5 31.Qg4 Rf5 32.Rd1 Rf4 33.Qxe6+ Qxe6 34.Rxe6  1/2-1/2

[Event "CZE-ch"]
[Site "?"]
[Date "1993.??.??"]
[Round "5"]
[White "Oral, Tomas"]
[Black "Vokac, Marek"]
[Result "1/2-1/2"]
[WhiteElo "2335"]
[BlackElo "2465"]

1.e4 c5 2.Nf3 Nc6 3.d4 cxd4 4.Nxd4 Qb6 5.Nb3 Nf6 6.Nc3 e6 7.Be3 Qc7 8.Bd3 Bb4
9.O-O Bxc3 10.bxc3 d5 11.exd5 Nxd5 12.Bc5 e5 13.Be4 Nxc3 14.Bxc6+ Qxc6 15.Qe1 Ne4
16.Bb4 b6 17.f3 a5 18.Ba3 a4 19.fxe4 axb3 20.axb3 f6 21.Qb4 Kf7 22.Rf3 Re8
23.Rc3 Qd7 24.Rd3 Qc7 25.Rc3 Qd7 26.Rd3 Qc7  1/2-1/2

[Event "Dhaka"]
[Site "Dhaka"]
[Date "1993.??.??"]
[Round "?"]
[White "Rahman, Zillur"]
[Black "Rahman, Ziaur"]
[Result "0-1"]
[WhiteElo "2320"]
[BlackElo "2430"]

1.e4 c5 2.Nf3 Nc6 3.d4 cxd4 4.Nxd4 Qc7 5.Nc3 e6 6.Be3 a6 7.Be2 Nf6 8.O-O Bb4
9.Na4 O-O 10.c4 Bd6 11.g3 Nxe4 12.Bf3 Nf6 13.c5 Nxd4 14.Qxd4 Be5 15.Qh4 d5
16.cxd6 Bxd6 17.Nb6 Rb8 18.Rac1 Qe7 19.Rfd1 Rd8 20.Rd2 Bd7 21.Rcd1 Bb5 22.a4 Be8
23.g4 Bc7 24.g5 Rxd2 25.Rxd2 Nd7 26.Be4 Nf8 27.b4 Ng6 28.Bxg6 fxg6 29.Rd3 Bc6
30.Bc5 Qf7 31.Rh3 Qf5 32.f3 Rd8 33.Nc4 Bxf3 34.Be3 Qb1+ 35.Kf2 Bh5 36.Bd4 Rf8+
37.Kg2 Rf4 38.Qg3 Qe4+  0-1

[Event "Drobeta"]
[Site "Drobeta"]
[Date "1993.??.??"]
[Round "?"]
[White "Vlad, Decebal"]
[Black "Vidoniak, Natali"]
[Result "0-1"]
[WhiteElo "2405"]
[BlackElo "2285"]

1.e4 c5 2.Nf3 Nc6 3.d4 cxd4 4.Nxd4 Qb6 5.Nb3 Nf6 6.Nc3 e6 7.Bd3 a6 8.O-O Be7
9.Be3 Qc7 10.f4 d6 11.Qf3 O-O 12.g4 b5 13.g5 Nd7 14.Qh3 Nb4 15.f5 Nxd3 16.cxd3 b4
17.Ne2 exf5 18.exf5 Ne5 19.Rac1 Qb7 20.Qg3 Nxd3 21.Rc4 Re8 22.Rh4 Bd8 23.Rd4 Nc5
24.Nd2 Bb6 25.Nc4 Ne4 26.Rxe4 Qxe4 27.Nxb6 Rb8 28.Nxc8 Rbxc8 29.Kf2 Qxf5+
30.Nf4 Qe5 31.Re1 Qxb2+ 32.Kg1 Qxa2 33.Nh5 Re6 34.Rf1 Qe2 35.Nf6+ Kh8 36.Nd5 Re5
37.g6 fxg6 38.Qh3 Rce8 39.Qd7 Rxe3 40.Nf4 Qb5  0-1

[Event "ESP-chT"]
[Site "?"]
[Date "1993.??.??"]
[Round "?"]
[White "Ruiz, Agustin"]
[Black "Bellon Lopez, Juan Manuel"]
[Result "0-1"]
[WhiteElo "2295"]
[BlackElo "2415"]

1.e4 c5 2.Nf3 Nc6 3.d4 cxd4 4.Nxd4 Qb6 5.Nb3 e6 6.Nc3 a6 7.a3 Qc7 8.f4 d6
9.Be3 Nf6 10.Qf3 Be7 11.O-O-O Nd7 12.g4 b5 13.g5 Nb6 14.Kb1 Na4 15.Bc1 Bb7
16.Bg2 Rc8 17.Rhe1 O-O 18.Re3 f5 19.Qh3 Nd8 20.Nd4 Nxc3+ 21.Rxc3 Qd7 22.Rxc8 Qxc8
23.exf5 exf5 24.Re1 Bxg2 25.Qxg2 Rf7 26.Qd5 Bf8 27.Re8 Qd7 28.Re3 g6 29.b4 Qb7
30.c4 bxc4 31.Qxc4 d5 32.Qb3 Re7 33.Rxe7 Bxe7 34.Bb2 Bd6 35.Qc3 Qc7 36.Nc6 Nxc6
37.Qh8+ Kf7 38.Qxh7+ Kf8 39.Qh8+ Ke7 40.Qg7+ Kd8 41.Qg8+ Kd7 42.Qxg6 Ne7
43.Qf7 Qc4 44.g6 Qe4+ 45.Ka2 Qe6  0-1

[Event "Farum op"]
[Site "Farum"]
[Date "1993.??.??"]
[Round "8"]
[White "Brinck Claussen, Bjorn"]
[Black "Mortensen, Erling"]
[Result "0-1"]
[WhiteElo "2385"]
[BlackElo "2470"]

1.e4 c5 2.Nf3 Nc6 3.d4 cxd4 4.Nxd4 Qc7 5.Nc3 e6 6.g3 a6 7.Bg2 d6 8.O-O Be7
9.Re1 Bf6 10.Nce2 Nge7 11.a4 O-O 12.Be3 Rd8 13.Qc1 Na5 14.g4 Nc4 15.g5 Be5
16.f4 Nxe3 17.Qxe3 Bxd4 18.Qxd4 e5 19.Qc3 Qxc3 20.Nxc3 exf4 21.Rf1 Be6 22.Rxf4 Rac8
23.Rf3 Ng6 24.Rg3 Ne5 25.Bf1 Kf8 26.a5 Rc5 27.b4 Rc7 28.b5 axb5 29.Bxb5 Rdc8
30.Ra3 Nc4 31.Bxc4 Rxc4 32.Kf2 R4c5 33.Ke1 Ra8 34.Ra4 Raxa5 35.Rb4 Rxg5 36.Rxb7 Rxg3
37.hxg3 Rg5 38.Ne2 Re5 39.Rb4 g5 40.Kd2 h5 41.Kd3 d5 42.exd5 Bf5+ 43.Kd2 Rxd5+
44.Nd4 Bg4 45.Ke3 Re5+ 46.Kf2 Rc5 47.c4 h4 48.gxh4 gxh4 49.Nb3 Rf5+ 50.Kg1 Rf4
51.Nd2 Kg7 52.Rb2 Bd7 53.c5 h3 54.Rc2 Bf5 55.Rb2 Rg4+ 56.Kh1 Rg3 57.Nc4 Rc3
58.Nd6 Be6 59.Kh2 Rxc5 60.Rf2 Rc3 61.Nf5+ Kg6 62.Ng3 Re3 63.Ne2 Kg5 64.Nf4 Kg4
65.Ne2 Rf3  0-1

[Event "FIN-ch"]
[Site "FIN"]
[Date "1993.??.??"]
[Round "?"]
[White "Pulkkinen, Kari"]
[Black "Henriksson, Christer"]
[Result "1-0"]
[WhiteElo "2265"]
[BlackElo "2365"]

1.e4 c5 2.Nf3 Nc6 3.d4 cxd4 4.Nxd4 Qb6 5.Nb3 Nf6 6.Nc3 e6 7.Bd3 a6 8.O-O Be7
9.Be3 Qc7 10.f4 d6 11.Qf3 O-O 12.Rae1 Rb8 13.Qg3 Kh8 14.Kh1 b5 15.e5 Nh5
16.Qh3 g6 17.Ne4 dxe5 18.fxe5 Nxe5 19.Bd4 Ng7 20.Ng5 Bxg5 21.Bxe5 Qa7 22.Qg3 Qe7
23.Bxb8 Nh5 24.Qd6 Qe8 25.Nc5 f6 26.Bc7 Ng7 27.Ne4 Nf5 28.Qc5 Bh6 29.Qc3 Bg7
30.Nd6 Nxd6 31.Bxd6 Rf7 32.Be2 Bd7 33.Bf3 h5 34.Qd3 Kh7 35.Bxh5 f5 36.Bf3 e5
37.Bd5 Be6 38.Bxe5 Bxd5 39.Qxd5 Rd7 40.Qc6 Bxe5 41.Rxe5 Qxe5 42.Qxd7+ Kh6
43.Qd2+ g5 44.Re1 Qc5 45.Qd7 g4 46.Re6+ Kg5 47.Qg7+  1-0

[Event "FRA"]
[Site "FRA"]
[Date "1993.??.??"]
[Round "?"]
[White "Berthelot, Yannick"]
[Black "Szabolcsi, Janos"]
[Result "0-1"]
[WhiteElo "2340"]
[BlackElo "2380"]

1.e4 c5 2.Nf3 Nc6 3.d4 cxd4 4.Nxd4 Qc7 5.Nb5 Qb8 6.c4 Nf6 7.N5c3 e6 8.Be3 Be7
9.Be2 O-O 10.O-O b6 11.f4 d6 12.Nd2 Rd8 13.Bf3 Bb7 14.a3 Bf8 15.g4 d5 16.exd5 exd5
17.Nxd5 Nxd5 18.Bxd5 Re8 19.Ne4 Na5 20.Qd3 Bxd5 21.cxd5 Qc8 22.Nf2 Qc4 23.Rfd1 Qxd3
24.Rxd3 Nc4 25.Bd4 Bd6 26.Rf3 Rad8 27.Rd1 Re2 28.Nd3 Bf8 29.Rf2 Re4 30.Nb4 Bxb4
31.axb4 Rxd5 32.b3 Ne3 33.Re1 Rdxd4 34.Rfe2 Rd3 35.h3 g6  0-1

[Event "FRA"]
[Site "FRA"]
[Date "1993.??.??"]
[Round "?"]
[White "Metral, Jean Paul"]
[Black "Marchand, Francois"]
[Result "1-0"]
[WhiteElo "2295"]
[BlackElo "2290"]

1.e4 c5 2.Nf3 Nc6 3.d4 cxd4 4.Nxd4 Qb6 5.Nf3 Nf6 6.Bd3 d6 7.h3 e6 8.O-O Be7
9.a3 a6 10.b4 O-O 11.Bb2 Qc7 12.c4 b6 13.Nc3 Bb7 14.Rc1 Na7 15.Qe2 Rac8 16.Nh2 Qb8
17.f4 Nc6 18.Na4 Nd7 19.Ng4 e5 20.Nh6+ Kh8 21.Nf5 Bf6 22.Qg4 Rcd8 23.g3 Ba8
24.Nc3 exf4 25.gxf4 Nd4 26.Nd5 Bxd5 27.cxd5 b5 28.Nxd4 Qb6 29.e5 dxe5 30.fxe5 Nxe5
31.Rxf6 Qxf6 32.Qf5 Nxd3 33.Qxd3 Rxd5 34.Qf3 Qxf3 35.Nxf3 Rd3 36.Kf2 Rfd8
37.Rc7 h6 38.Bc3 R3d7 39.Rc5 Kg8 40.Nh4 Rd5 41.Nf5 Rxc5 42.bxc5 Kf8 43.Bxg7+ Ke8
44.c6 Rd2+ 45.Ke3 Rc2 46.Nd4 Rc3+ 47.Ke4 Rxh3 48.Nf5 Rxa3 49.Bf6 Ra2 50.Nd6+ Kf8
51.Bc3 Re2+ 52.Kd5 Rc2 53.Ne4 Ke8 54.Kd6  1-0

[Event "Gausdal Int"]
[Site "Gausdal"]
[Date "1993.??.??"]
[Round "1"]
[White "Myrvold, Torben"]
[Black "Razuvaev, Yuri S"]
[Result "1/2-1/2"]
[WhiteElo "2330"]
[BlackElo "2560"]

1.e4 c5 2.Nf3 Nc6 3.d4 cxd4 4.Nxd4 Qb6 5.Nb3 Nf6 6.Nc3 e6 7.Be3 Qc7 8.Bd3 a6
9.f4 d6 10.O-O b5 11.a3 Be7 12.Qf3 Bb7 13.Rae1 O-O 14.Qh3 Rad8 15.g4 h6 16.g5 Nh7
17.g6 Nf6 18.gxf7+ Rxf7 19.Nd4 Nxd4 20.Bxd4 e5 21.Be3 Rdf8 22.f5 d5 23.exd5 Nxd5
24.Nxd5 Bxd5 25.Qg3 Bb7 26.Bd4 Bc5 27.Bxc5 Qxc5+ 28.Qe3 Qc6 29.Be4 Qxe4 30.Qxe4 Bxe4
31.Rxe4 Rxf5 32.Rxf5 Rxf5 33.a4 Rf4 34.Rxe5 Rxa4 35.b3 Rd4 36.Rc5 Rd2 37.Rc6 Kh7
38.c4 Rb2 39.Rxa6 b4 40.Rb6 Rxb3 41.c5 Rc3 42.Rxb4 Rxc5 43.Kg2 Rg5+ 44.Kf3 Kg6
45.Ra4 Kh5 46.Rb4 Rg1 47.h4 Rc1 48.Kg3 Rc3+ 49.Kg2 Re3 50.Ra4 Kg6 51.Rg4+ Kf6
52.Rf4+ Kg6 53.Rg4+  1/2-1/2

[Event "BL2-N9293"]
[Site "Germany"]
[Date "1993.??.??"]
[Round "?"]
[White "Maxion, Dirk"]
[Black "Hegeler, Frank"]
[Result "1-0"]
[WhiteElo "2270"]
[BlackElo "2215"]

1.e4 c5 2.Nf3 Nc6 3.d4 cxd4 4.Nxd4 Qc7 5.Nc3 e6 6.g3 a6 7.Bg2 Nf6 8.O-O Nxd4
9.Qxd4 Bc5 10.Bf4 d6 11.Qd2 h6 12.Rad1 e5 13.Be3 Ke7 14.h3 Rd8 15.f4 Be6
16.fxe5 dxe5 17.Nd5+ Bxd5 18.exd5 Rac8 19.Kh1 Qd6 20.c3 b5 21.Rfe1 Kf8 22.g4 Re8
23.Bxh6 gxh6 24.Qxh6+ Kg8 25.b4 Nh7 26.Qh5 Bb6 27.Be4 Nf8 28.Rf1 Re7 29.g5 Rxc3
30.Rf6 Qd7 31.Bf5 Qb7 32.Rh6 Ng6 33.Rh8+  1-0

[Event "NRW-Liga I 9293"]
[Site "Germany"]
[Date "1993.??.??"]
[Round "?"]
[White "Walter, Karel"]
[Black "Rosen, Willy"]
[Result "0-1"]
[WhiteElo "2155"]
[BlackElo "2265"]

1.e4 c5 2.Nf3 Nc6 3.d4 cxd4 4.Nxd4 Qb6 5.Nxc6 bxc6 6.Be2 e6 7.O-O d5 8.exd5 cxd5
9.Nc3 Nf6 10.Be3 Qd8 11.Bf4 Bd6 12.Bb5+ Kf8 13.Bg5 Bb7 14.Qe2 Qb6 15.Rad1 Rc8
16.Be3 Qc7 17.f4 h5 18.Bd3 Bc6 19.a4 Rb8 20.Nb5 Bxb5 21.axb5 Ng4 22.Bd4 Bxf4
23.g3 Be5 24.c3 Rh6 25.Ra1 Bxd4+ 26.cxd4 Qb6 27.Ra4 Rc8 28.h3 Qd6 29.Qf3 Rf6  0-1

[Event "BL2-W9293"]
[Site "Germany"]
[Date "1993.??.??"]
[Round "?"]
[White "Kaeser, Udo"]
[Black "Gawehns, Klaus"]
[Result "1/2-1/2"]
[WhiteElo "2295"]
[BlackElo "2340"]

1.e4 c5 2.Nf3 Nc6 3.d4 cxd4 4.Nxd4 Qb6 5.Nb3 Nf6 6.Nc3 e6 7.Bd3 Be7 8.O-O O-O
9.Be3 Qc7 10.f4 d6 11.Qf3 a6 12.Rae1 Nb4 13.f5 Nc6 14.Kh1 Nd7 15.g4 Nde5
16.Qg3 b5 17.Nd4 Nxd4 18.Bxd4 Bb7 19.g5 b4 20.Nd1 exf5  1/2-1/2

[Event "BL2-N9293"]
[Site "Germany"]
[Date "1993.??.??"]
[Round "?"]
[White "Slobodjan, Roman"]
[Black "Preuschoff, Michael"]
[Result "1-0"]
[WhiteElo "2480"]
[BlackElo "2270"]

1.e4 c5 2.Nf3 Nc6 3.d4 cxd4 4.Nxd4 Qc7 5.Nc3 e6 6.Be2 a6 7.O-O Nf6 8.a3 Nxd4
9.Qxd4 Bd6 10.Kh1 Be5 11.Qd3 b6 12.f4 Bxc3 13.bxc3 Bb7 14.e5 Ne4 15.Bf3 Nc5
16.Qd4 Bxf3 17.Rxf3 O-O 18.Be3 f6 19.exf6 Rxf6 20.Rd1 d5 21.c4 Rd8 22.Rff1 Rff8
23.cxd5 Rxd5 24.Qc4 Qc6 25.Rde1 b5 26.Qe2 Ne4 27.Bg1 Nd2 28.Rf2 Rf6 29.Qe3 Qxc2
30.Rfe2 a5 31.Qa7 b4 32.axb4 a4 33.Rxe6 Rxe6 34.Qa8+ Kf7 35.Qxd5 Qb3 36.Qd7+ Kf6
37.Rxe6+ Qxe6 38.Bd4+ Kf5 39.g4+  1-0

[Event "GRE-ch"]
[Site "GRE"]
[Date "1993.??.??"]
[Round "1"]
[White "Pandavos, Panayotis"]
[Black "Grivas, Efstratios"]
[Result "0-1"]
[WhiteElo "2360"]
[BlackElo "2505"]

1.e4 c5 2.Nf3 Nc6 3.d4 cxd4 4.Nxd4 Qb6 5.Nb3 Nf6 6.Nc3 e6 7.Bd3 d6 8.O-O a6
9.Be3 Qc7 10.f4 Be7 11.a4 b6 12.Kh1 O-O 13.Qe2 Nb4 14.Nd4 Bb7 15.Bg1 Rac8
16.Rf3 g6 17.Raf1 Nd7 18.Rg3 Bf6 19.f5 Rce8 20.Qd2 Nxd3 21.cxd3 Qd8 22.Nce2 Bg7
23.Be3 e5 24.f6 Nxf6 25.Nf5 Nh5 26.Nxg7 Nxg3+ 27.Nxg3 Kxg7 28.Bh6+ Kg8 29.Bxf8 Rxf8
30.Qh6 f6 31.h4 Qd7 32.Qe3 Qxa4 33.Qxb6 Qc6 34.Qb3+ d5 35.h5 Qb5 36.Qxb5 axb5
37.Rc1 dxe4 38.dxe4 gxh5 39.Rc7 h4  0-1

[Event "GRE-ch"]
[Site "GRE"]
[Date "1993.??.??"]
[Round "3"]
[White "Vouldis, Angelos"]
[Black "Grivas, Efstratios"]
[Result "1-0"]
[WhiteElo "2285"]
[BlackElo "2505"]

1.e4 c5 2.Nf3 Nc6 3.d4 cxd4 4.Nxd4 Qb6 5.Nb3 Nf6 6.Nc3 e6 7.Be3 Qc7 8.f4 Bb4
9.Bd3 Bxc3+ 10.bxc3 d6 11.O-O e5 12.Kh1 h6 13.Qe1 b6 14.fxe5 dxe5 15.Qg3 Kf8
16.Nd4 Nh5 17.Qg6 exd4 18.cxd4 Nf6 19.Rxf6 gxf6 20.Qxf6 Rg8 21.Bf4 Qd7 22.Bd6+ Ke8
23.Bb5 Bb7 24.d5 Rc8 25.Rd1 a6 26.dxc6 Bxc6 27.Rd5  1-0

[Event "Groningen op"]
[Site "Groningen"]
[Date "1993.??.??"]
[Round "4"]
[White "Vehi Bach, Victor Manuel"]
[Black "Anastasian, Ashot"]
[Result "1-0"]
[WhiteElo "2380"]
[BlackElo "2530"]

1.e4 c5 2.Nf3 Nc6 3.d4 cxd4 4.Nxd4 Qb6 5.Nb3 Nf6 6.Nc3 e6 7.Bd3 a6 8.f4 d6
9.Qf3 Be7 10.Be3 Qc7 11.g4 b5 12.g5 Nd7 13.O-O-O Bb7 14.Qh3 Nb4 15.Kb1 O-O
16.Rhf1 Rfc8 17.f5 Nxd3 18.fxe6 Nxb2 19.exf7+ Kh8 20.g6 Nf8 21.Bd4 Nxg6 22.Rf5 Nh4
23.Rg1 Nxf5 24.Qxf5 Bf8 25.Qf6 Qxc3 26.Bxc3 Rxc3 27.Qxc3 Nc4 28.Na5 Bxe4
29.Re1 d5 30.Nxc4 bxc4 31.Qe5 Bg6 32.Qxd5 Rb8+ 33.Ka1 Bxc2 34.Qe5  1-0